| 000 | 00580nam a2200229Ia 4500 | ||
|---|---|---|---|
| 003 | OSt | ||
| 005 | 20220928135353.0 | ||
| 006 | a|||||r|||| 00| 0 | ||
| 007 | ta | ||
| 008 | 220927b |||||||| |||| 00| 0 eng d | ||
| 024 | _a1606 | ||
| 037 | _cTextual | ||
| 040 |
_aSDCL _cSDCL _beng |
||
| 041 |
_2eng _aeng |
||
| 082 | _aX:51, L2 | ||
| 100 |
_aKollat David T _9490135 |
||
| 245 | 0 | _aStrategic marketing | |
| 260 | _c1972 | ||
| 700 |
_a Blackwell Roger D _9490136 |
||
| 942 |
_hX:51, L2 _cTEXL _2CC |
||
| 999 |
_c805427 _d805427 |
||